Регионална библиотека "Любен Каравелов" - Русе

Големият тест (Запис номер 518640)

MARC детайли
000 -Лидер
Лидер 01028nam a2200265 a 4500
003 - Код на организацията, давaща контролен номер
Код на организацията, даваща контролен номер BLK
005 - Дата и час на последна редакция
Дата и час на последна редакция 20250712094352.0
008 - Елементи от данни с фиксирана дължина
Елементи с фиксирана дължина 180411b bul|||||r ||||||| ||bul||
020 ## - Международен стандартен номер на книга ISBN
ISBN 9789542623991
040 ## - Източник на каталожния запис
Код на библиотеката BLK
041 ## - Код за език
Език Български
Език за КДБФ Български
080 ## - УДК
УДК текст Ирландска литература (на Ейре) на английски език (вж и 821.152.1)
УДК код 821.111(417)
УДК – определител -31
УДК – код + определител 821.111(417)-31
084 ## - Класификационен индекс по друга класификация
Авторски знак Спе - С 56
100 ## - Редна дума - Автор
Автор Спейн, Джо
R(LIN) 480635
245 10 - Сведения за заглавието
Заглавие Големият тест
Подзаглавни данни Роман
Авторска отговорност Джо Спейн ; прев. от англ. Юрий Лучев
257 ## - Страна на издаване
Страна на създаване/издаване Ирландия
260 ## - Област на издателските данни
Място на издаване Пловдив
Име на издателя Хермес
Година на издаване 2024
Печатница Костинброд : Мултипринт
300 ## - Физическа характеристика
Брой страници 368 с.
Размер 20 см
380 ## - Жанр
Жанр Худож. лит.
700 ## - Други автори (авторска отговорност)
Друг автор Лучев, Юрий Величков
Авт. отговорност на др. автор прев.
9 (RLIN) 364433
856 ## - Електронен адрес и достъп
Инструкция (цена за достъп) 0.00
Права за достъп disable
942 ## - АРТИКУЛИ
Вид на библиотечния документ Книги
Скрит в OPAC Не
Периодичен библиозапис Да
Koha issues (borrowed), all copies 66
944 ## - СЪЗДАВАНЕ И РЕДАКЦИЯ на ЗАПИСА
Дата на регистрацията/редакция Нора Радева
Служител, извършил регистрацията/редакцията 30575
Създаване/Редакция
Номер на служител Мартин Енчев
999 ## - СИСТЕМНИ КОНТРОЛНИ НОМЕРА
Koha biblionumber 518640
Koha biblioitemnumber 518640
Наличности
Код за отписване Код за изгубен артикул Източник на класификационната схема Код за повреда Код за отдаване Артикулен № Име на библиотеката - собственик Име на библиотеката, в която се намира в момента Статус (Текущо местоположение) Дата на вписване в системата Местоположение - отдел Цена в лева Инвентарен номер Систематично азбучна сигнатура Баркод Цена в евро Служебен тип на артикула
  Не е изгубен Universal Decimal Classification Не е повреден заемане за дома 951007 Регионална библиотека "Любен Каравелов" Русе Регионална библиотека "Любен Каравелов" Русе Заемна - подръчен фонд 2024-10-08 Заемна - подръчен фонд 13.96 120000913648 821-31/С 56 Д 120000913648 7.14 Книги
Vip Innovations Ltd, Rousse, Bulgaria 2025